000 00732nam a2200169 i 4500
001 173898
003 ES-MaACL
005 20230906215403.0
008 100128s1862 sp |||| | spa d
100 1 _aBarcia, Roque.
_925542
245 1 0 _aJuan Pérez
_b: comedia original en tres actos y en verso /
_cpor Roque Barcia.
260 _aMadrid :
_b[s.n.],
_c1862 (
_fImp. de José Rodríguez)
300 _a77 p. ;
_c17 cm.
530 _aDisponible en formato digital.
852 _aES-MaACL
_jF-8627(7)
_z- Enc. pasta española
_q- Falto de cub. original
_z- Enc. en un vol. facticio formando parte de la col. facticia "Teatro español moderno", v. 82
856 _uhttps://archive.org/details/juanprezcomedi00barc
_zInternet Archive
999 _c173898
_d173898